Paměti : vzpomínky legendární tanečnice /
Vzpomínky oblíbené francouzsko-americké tanečnice na její životní a profesní cestu.
Uloženo v:
| Hlavní autor: | |
|---|---|
| Další autoři: | , |
| Médium: | E-kniha |
| Jazyk: | Czech |
| Vydáno: |
Praha :
Ikar,
2023
|
| Vydání: | Vydání první |
| Témata: | |
| Tagy: |
Žádné tagy |
| LEADER | 02835nam a2200577 i 4500 | ||
|---|---|---|---|
| 001 | 311960 | ||
| 003 | CZ PrSKC | ||
| 005 | 20260601215714.0 | ||
| 007 | ta | ||
| 008 | 230206s2023 xr e 000 0acze | ||
| 015 | |a cnb003499466 | ||
| 020 | |a 9788024950501 |q (vázáno) | ||
| 035 | |a (OCoLC)1389729892 | ||
| 040 | |a OLA001 |b cze |e rda | ||
| 041 | 1 | |a cze |h fre | |
| 043 | |a n-us--- | ||
| 045 | |a x0x7 | ||
| 072 | 7 | |a 793.3 |x Pohybové umění. Tanec |2 Konspekt | |
| 072 | 7 | |a 929 |x Biografie |2 Konspekt | |
| 080 | |a 793.3.071.2-055.2 |2 MRF | ||
| 080 | |a 78.071.2-055.2 |2 MRF | ||
| 080 | |a 929 |2 MRF | ||
| 080 | |a (73) |2 MRF | ||
| 080 | |a (0:82-94) |2 MRF | ||
| 100 | 1 | |a Baker, Josephine, |d 1906-1975 |7 ola2002150857 |4 aut | |
| 240 | 1 | 0 | |a Mémoires. |l Česky |
| 245 | 1 | 0 | |a Paměti : |b vzpomínky legendární tanečnice / |c Josephine Bakerová, Marcel Sauvage ; z francouzského originálu Mémoires ... přeložila Šárka Belisová |
| 246 | 3 | |a Josephine Bakerová - paměti | |
| 250 | |a Vydání první | ||
| 264 | 1 | |a Praha : |b Ikar, |c 2023 | |
| 300 | |a 311 stran ; |c 22 cm | ||
| 336 | |a text |b txt |2 rdacontent | ||
| 337 | |a bez média |b n |2 rdamedia | ||
| 338 | |a svazek |b nc |2 rdacarrier | ||
| 520 | 2 | |a Vzpomínky oblíbené francouzsko-americké tanečnice na její životní a profesní cestu. |b Čtivá kniha vznikla na základě rozhovorů mezi francouzským novinářem a spisovatelem Marcelem Sauvagem a známou tanečnicí Josephine Baker. V průběhu několika let Sauvage zaznamenával vyprávění umělkyně, načež je pro potřeby této knihy zpracoval do autentické podoby vyprávění Josephine Baker. Úvod publikace obsahuje autorovu předmluvu osvětlující kontext vyprávění. | |
| 600 | 1 | 7 | |a Baker, Josephine, |d 1906-1975 |7 ola2002150857 |2 czenas |
| 648 | 7 | |a 20. století |7 ch460558 |2 czenas | |
| 650 | 0 | 7 | |a tanečnice |7 ph126431 |z Spojené státy americké |y 20. století |2 czenas |
| 650 | 0 | 7 | |a zpěvačky |7 ph127680 |z Spojené státy americké |y 20. století |2 czenas |
| 650 | 0 | 9 | |a women dancers |z United States |y 20th century |2 eczenas |
| 650 | 0 | 9 | |a women singers |z United States |y 20th century |2 eczenas |
| 655 | 7 | |a autobiografické vzpomínky |7 fd131854 |2 czenas | |
| 655 | 9 | |a autobiographical reminiscences |2 eczenas | |
| 700 | 1 | |a Sauvage, Marcel, |d 1895-1988 |7 mzk2009521755 |4 aut | |
| 700 | 1 | |a Belisová, Šárka, |d 1957- |7 mzk2003185055 |4 trl | |
| 900 | |a ABA001 |b 20 | ||
| 928 | 9 | |a Euromedia Group - Ikar | |
| 044 | |a xr | ||
| 910 | |a RBIT002 | ||
| 998 | |d 378533 |a https://core.palmknihy.cz/api/books/378533/cover?rvrq8c |b https://core.palmknihy.cz/api/books/378533/cover/400?rvrq8c |c https://core.palmknihy.cz/api/books/378533/cover/50?rvrq8c |e 2027-07-26 |g 312 |i 9788024950501 |j https://core.palmknihy.cz/api/books/378533/preview.epub |l |q 49 |r 1 |s https://www.palmknihy.cz/kniha/378533 |t ebook |y 2023 |z 0 | ||
| 999 | |d 311958 | ||